| 000 | 00442nam a2200181Ia 4500 | ||
|---|---|---|---|
| 001 | 20562 | ||
| 005 | 20260306172815.0 | ||
| 008 | 260306t2022||||xx |||||||||||||| ||spa|| | ||
| 041 | _aESP | ||
| 082 |
_a343.4 _bG312 T. 2 |
||
| 110 | _aGaceta Jurídica | ||
| 245 | 0 | _aNuevo código procesal constitucional comentado | |
| 260 | _c2022 | ||
| 300 |
_a734 páginas : _c25 cm. |
||
| 650 | _aGEN | ||
| 654 | _aCDE | ||
| 942 |
_cLIB _dJUS _fJUS _2ddc _n |
||
| 999 |
_c20562 _d20562 |
||